000 00499nam a2200181Ia 4500
001 16489
005 20260306170313.0
008 260306t2023||||xx |||||||||||||| ||und||
041 _aESP
082 _a348.6
_bM28
100 _aMatallana Ruiz, Roberto,
_eAUT
245 0 _aCriterios del Tribunal de Fiscalización Laboral :
_banálisis de las resoluciones más relevantes
260 _c2023
300 _a334 páginas :
_c24 cm.
650 _aGEN
654 _aCDE
942 _cLIB
_dJUS
_fJUS
_2ddc
_n
999 _c16489
_d16489